Kvalitou k prosperite anotácie referátov zo svetového kongresu akosti a 28. konferencie EOQC v Bringhtone 19.-21. júna 1984

Na minha lista:
Detalhes bibliográficos
Outros Autores: Reháková, Helena
Formato: Livro
Idioma:eslovaco
Publicado em: Bratislava Alfa 1985
Tags: Adicionar Tag
Sem tags, seja o primeiro a adicionar uma tag!

MARC

LEADER 00000nam a2200000 4500
001 c107543
005 20230110080127.9
041 0 |a slo 
044 |a SK 
245 1 0 |a Kvalitou k prosperite  |b anotácie referátov zo svetového kongresu akosti a 28. konferencie EOQC v Bringhtone 19.-21. júna 1984  |c Sprac. Helena Reháková 
264 1 |a Bratislava  |b Alfa  |c 1985 
300 |a 199 s. 
700 1 |a Reháková, Helena